[Event "Solingen-ch"]
[Site "Solingen"]
[Date "2011.11.04"]
[Round "4"]
[White "Duexmann, Marcel"]
[Black "Kublanov, Vladislav"]
[Result "1/2-1/2"]
[WhiteElo "1717"]
[BlackElo "1621"]
[PlyCount "78"]
[EventDate "2011.09.23"]
[EventType "swiss"]
[EventRounds "7"]
[EventCountry "GER"]
[SourceTitle "EXT 2015"]
[Source "ChessBase"]
[SourceDate "2014.11.20"]
[SourceVersion "1"]
[SourceVersionDate "2014.11.20"]
[SourceQuality "1"]

1. d4 d5 2. c4 e6 3. e3 Nf6 4. a3 c5 5. Nf3 cxd4 6. exd4 dxc4 7. Bxc4 Be7 8. Nc3 0-0 9. 0-0 Nbd7 10. Bb3 Nb6 11. Ne5 Nbd5 12. Qd3 Re8 13. Nxd5 exd5 14. Bg5 a6 15. Bxf6 Bxf6 16. f4 g6 17. Qf3 Be6 18. g4 Bxe5 19. fxe5 Rc8 20. h3 Re7 21. Rac1 Rec7 22. Qe3 Qh4 23. Rxc7 Rxc7 24. Kg2 Qd8 25. Rc1 Rxc1 26. Qxc1 Qb6 27. Qc3 Qb5 28. Bd1 Qb6 29. b4 Qd8 30. Kg3 Kg7 31. Bf3 Qd7 32. Qc5 Qc6 33. Qxc6 bxc6 34. g5 Kf8 35. Be2 Bc8 36. h4 Ke7 37. Kf4 Ke8 38. Ke3 Kd8 39. Kd2 Kc7 1/2-1/2

[Event "Solingen-ch"]
[Site "Solingen"]
[Date "2010.12.10"]
[Round "7"]
[White "Kublanov, Vladislav"]
[Black "Peschel, Andreas"]
[Result "0-1"]
[WhiteElo "1409"]
[BlackElo "2173"]
[PlyCount "114"]
[EventDate "2010.09.10"]
[EventType "swiss"]
[EventRounds "7"]
[EventCountry "GER"]
[SourceTitle "EXT 2012"]
[Source "ChessBase"]
[SourceDate "2011.11.24"]
[SourceVersion "1"]
[SourceVersionDate "2011.11.24"]
[SourceQuality "1"]

1. Nf3 d5 2. d4 c6 3. Bf4 Qb6 4. b3 Bf5 5. e3 e6 6. c3 Nf6 7. Bd3 Be7 8. 0-0 0-0 9. Qc2 Bxd3 10. Qxd3 c5 11. Nbd2 cxd4 12. cxd4 Ba3 13. Ne5 Rc8 14. Ndf3 Ne4 15. Nc4 dxc4 16. bxc4 Bb2 17. Qxe4 Bxa1 18. Rxa1 Rxc4 19. Ng5 g6 20. Be5 Qc6 21. h3 Qxe4 22. Nxe4 Nc6 23. Bf6 Rc2 24. Rb1 b6 25. Nd6 Rf8 26. a3 h6 27. h4 Kh7 28. g4 g5 29. hxg5 hxg5 30. Bxg5 Rg8 31. Ne4 Rg6 32. Kg2 f5 33. Nf6+ Kg7 34. Nh5+ Kf8 35. Bf4 Rxg4+ 36. Kf3 Rh4 37. Nf6 Kf7 38. Nd7 Rc3 39. Ne5+ Nxe5+ 40. Bxe5 Rxa3 41. Rc1 Rh7 42. Kf4 Rh4+ 43. Kg5 Rg4+ 44. Kh5 b5 45. Rc7+ Ke8 46. Bf6 Ra1 47. Bg5 b4 48. Kg6 Rxg5+ 49. Kxg5 Ra6 50. Rb7 Rb6 51. Rxa7 b3 52. Ra1 b2 53. Rb1 Kd7 54. Kf4 Kd6 55. Kf3 Kd5 56. Ke2 Kc4 57. Kd2 Kb3 0-1

[Event "Solingen-ch"]
[Site "Solingen"]
[Date "2010.11.26"]
[Round "6"]
[White "Kublanov, Vladislav"]
[Black "Maczkowiak, Thomas"]
[Result "1-0"]
[WhiteElo "1409"]
[BlackElo "1943"]
[PlyCount "95"]
[EventDate "2010.09.10"]
[EventType "swiss"]
[EventRounds "7"]
[EventCountry "GER"]
[SourceTitle "EXT 2012"]
[Source "ChessBase"]
[SourceDate "2011.11.24"]
[SourceVersion "1"]
[SourceVersionDate "2011.11.24"]
[SourceQuality "1"]

1. d4 Nf6 2. Nf3 d5 3. Bf4 Bf5 4. Nbd2 e6 5. e3 Bd6 6. Be5 0-0 7. Be2 c6 8. 0-0 Bxe5 9. Nxe5 Nfd7 10. Ndf3 Nxe5 11. Nxe5 Nd7 12. Nd3 Qe7 13. c3 e5 14. dxe5 Nxe5 15. Nxe5 Qxe5 16. Qd4 Rfe8 17. Qxe5 Rxe5 18. Rfd1 Rae8 19. Rd4 f6 20. Rad1 Kf7 21. c4 Be6 22. cxd5 Bxd5 23. Bc4 Bxc4 24. Rxc4 Re4 25. Rcd4 Rxd4 26. Rxd4 Re6 27. Kf1 Ke7 28. Ke2 Rd6 29. Kd3 c5 30. Rxd6 Kxd6 31. Kc4 Kc6 32. a4 b6 33. e4 a6 34. b3 b5+ 35. Kc3 f5 36. exf5 Kd5 37. g4 Ke5 38. f3 Kf4 39. h3 h6 40. h4 Ke5 41. axb5 axb5 42. Kd3 h5 43. Ke3 hxg4 44. fxg4 c4 45. bxc4 bxc4 46. h5 c3 47. Kd3 Kf4 48. h6 1-0